000 00332ngm a2200133 i 4500
001 bg
100 1 _aNiedzicki, Wiktor.
245 0 0 _aKuchnia.
_cWiktor Niedzicki, Zbigniew Strugalski.
_n1-2 /
260 _aWarszawa :
_b[s.n.],
_c1995.
040 _cBPK
041 _apol
942 _cTW
008 s pl f |000 0 pol
999 _c50104
_d50104
856 _uhttp://koha.tu.koszalin.pl/cgi-bin/koha/opac-detail.pl?biblionumber=50104
_yKatalog online BPK